000
00215 a2200097 4500
001
51395
100
_a
Pollack S V
245
_a
Introducing Pascal
260
_a
New York
_b
Holt Saunders
_c
090
_c
32585
_d
32585
942
_a
NUST-CAE
_c
M
_c
25097
999
_c
286468
_d
286468